Catálogo - Centro de Recursos para el Aprendizaje y la Investigación

Volver al Sitio - CRAI Biblioteca

Antología judicial ambiental II : (Registro nro. 114132)

Detalles MARC
000 -CABECERA
campo de control de longitud fija 01479nam a22002777a 4500
001 - NÚMERO DE CONTROL
campo de control 114132
003 - IDENTIFICADOR DEL NÚMERO DE CONTROL
campo de control DR-UNIBE
005 - FECHA Y HORA DE LA ÚLTIMA TRANSACCIÓN
campo de control 20251002112258.0
008 - DATOS DE LONGITUD FIJA--INFORMACIÓN GENERAL
campo de control de longitud fija 251002b2021 mx ||||| |||| 00| 0 spa d
020 ## - NÚMERO INTERNACIONAL ESTÁNDAR DEL LIBRO
Número Internacional Estándar del Libro 9786075521893
040 ## - FUENTE DE LA CATALOGACIÓN
Centro catalogador/agencia de origen BIBLIOTECA UNIBE
Centro/agencia transcriptor BIBLIOTECA UNIBE
Lengua de catalogación spa
Normas de descripción rda
041 ## - CÓDIGO DE LENGUA
Código de lengua del texto/banda sonora o título independiente spa
082 ## - NÚMERO DE LA CLASIFICACIÓN DECIMAL DEWEY
Número de clasificación 341.762 A634j 2022
245 10 - MENCIÓN DE TÍTULO
Título Antología judicial ambiental II :
Resto del título el cambio climático en los tribunales : desarrollos y tendencias sobre justicia climática en el derecho comparado
260 ## - PUBLICACIÓN, DISTRIBUCIÓN, ETC.
Lugar de publicación, distribución, etc. México :
Nombre del editor, distribuidor, etc. Suprema Corte de Justicia de la Nación :
-- Centro de Estudios Constitucionales (SCJN),
Fecha de publicación, distribución, etc. 2021
300 ## - DESCRIPCIÓN FÍSICA
Extensión xliv, 261 páginas
505 ## - NOTA DE CONTENIDO CON FORMATO
Nota de contenido con formato I. Desarrollos en la jurisprudencia constitucional comparada sobre el cambio climático y su impacto en los derechos humanos |<br/>II. Desarrollos jurisprudenciales en el cambio climático, la ciencia y los principios de prevención y precaución |<br/>III. El litigio climático y las decisiones de inversión para el desarrollo |<br/>IV. Ensayos y opiniones sobre temas emergentes en la justicia ambiental y climática |<br/>
650 #7 - PUNTO DE ACCESO ADICIONAL DE MATERIA--TÉRMINO DE MATERIA
Fuente del encabezamiento o término lemb
Término de materia o nombre geográfico como elemento de entrada Biodiversidad
Subdivisión general Legislación
9 (RLIN) 199536
650 #7 - PUNTO DE ACCESO ADICIONAL DE MATERIA--TÉRMINO DE MATERIA
Fuente del encabezamiento o término lemb
Término de materia o nombre geográfico como elemento de entrada Medio ambiente
Subdivisión general Legislación
9 (RLIN) 22210
650 #7 - PUNTO DE ACCESO ADICIONAL DE MATERIA--TÉRMINO DE MATERIA
Fuente del encabezamiento o término lemb
Término de materia o nombre geográfico como elemento de entrada Jurisprudencia
650 #7 - PUNTO DE ACCESO ADICIONAL DE MATERIA--TÉRMINO DE MATERIA
Fuente del encabezamiento o término lemb
Término de materia o nombre geográfico como elemento de entrada Protección del medio ambiente
650 #7 - PUNTO DE ACCESO ADICIONAL DE MATERIA--TÉRMINO DE MATERIA
Fuente del encabezamiento o término lemb
Término de materia o nombre geográfico como elemento de entrada Contaminación
700 ## - PUNTO DE ACCESO ADICIONAL--NOMBRE DE PERSONA
Nombre de persona Rabasa Salinas, Alejandra
Término indicativo de función/relación coodinador
9 (RLIN) 199202
700 ## - PUNTO DE ACCESO ADICIONAL--NOMBRE DE PERSONA
Nombre de persona De Windt Vicente, Claudia S.
Término indicativo de función/relación coodinador
9 (RLIN) 71275
942 ## - ELEMENTOS DE PUNTO DE ACCESO ADICIONAL (KOHA)
Fuente del sistema de clasificación o colocación Sistema de Clasificación Decimal Dewey
Tipo de ítem Koha Libro (general)
Existencias
Estado de retiro Estado de pérdida Fuente del sistema de clasificación o colocación No para préstamo Código de colección Localización permanente Fecha de adquisición Total de préstamos Signatura topográfica completa Código de barras Fecha visto por última vez Número de copia Precio válido a partir de Tipo de ítem Koha
  Disponible Sistema de Clasificación Decimal Dewey   General Biblioteca Central UNIBE 02/10/2025   341.762 A634j 2022 250994 02/10/2025 Ej. 1 02/10/2025 Libro (general)